[Event "Challenge"]
[Site "http://www.queenalice.com/game.php?id=546322"]
[Date "2009.2.25"]
[Round "-"]
[White "yumi"]
[Black "Rhy"]
[Result "0-1"]
[WhiteElo "1100"]
[BlackElo "1709"]

1. e4 c5 2. Nc3 e6 3. Nf3 Nc6 4. d3 a6 5. a3 Qc7 6. Be3 g6 7. d4 cxd4 8. Nxd4
Bg7 9. Qh5 Ne5 10. Qd1 Nc6 11. Nxc6 Qxc6 12. Qd2 Nf6 13. h3 Nxe4 14. Bd4 Nxd2
15. Kxd2 Bxd4 16. Nd1 Qd6 17. Ke1 Qe5+ 18. Be2 b5 19. Kf1 Bb7 20. f3 Bxb2 0-1

[Event "Challenge"]
[Site "http://www.queenalice.com/game.php?id=547450"]
[Date "2009.2.27"]
[Round "-"]
[White "yumi"]
[Black "Muggs"]
[Result "1-0"]
[WhiteElo "1227"]
[BlackElo "1471"]

1. e4 g6 2. d4 Bg7 3. d5 c5 4. c4 d6 5. a3 Nf6 6. Bd3 Qa5+ 7. Nc3 Ng4 8. Qe2 Ne5
9. Bf4 Nbd7 10. Nf3 Nxd3+ 11. Qxd3 Qb6 12. Ng5 Qxb2 13. O-O Qxc3 14. Rad1 Be5
15. Bxe5 Qxe5 16. Qe3 Nf6 17. h3 h6 18. f4 Qb2 19. Rd2 Ng4 20. Qd3 Qf6 21. hxg4
hxg5 22. e5 dxe5 23. fxe5 Qg7 24. d6 Qxe5 25. d7+ Kf8 26. d8=Q+ Kg7 27. Q8d5 1-0

[Event "Challenge"]
[Site "http://www.queenalice.com/game.php?id=547871"]
[Date "2009.2.28"]
[Round "-"]
[White "yumi"]
[Black "cinics"]
[Result "0-1"]
[WhiteElo "1227"]
[BlackElo "1979"]

1. e4 c5 2. Nc3 Nc6 3. a3 d6 4. Bb5 Bd7 5. d3 g6 6. Nf3 Bg7 7. Bd2 Nf6 8. O-O
O-O 9. Bg5 a6 10. Bxc6 Bxc6 11. e5 Ng4 12. h3 Nxe5 13. Nxe5 Bxe5 14. Bh6 Re8 15.
f4 Bd4+ 16. Kh1 e6 17. Bg5 Qd7 18. Qe1 e5 19. Ne4 exf4 20. Bf6 Rxe4 21. dxe4
Bxf6 22. Rxf4 Bxb2 23. Rd1 Be5 24. Rh4 Re8 25. Qe3 Bg7 26. Re1 Qe7 27. Qf2 d5
28. g4 dxe4 29. g5 e3+ 30. Qg2 Bxg2+ 31. Kxg2 Qxg5+ 32. Rg4 Qd5+ 33. Kg3 Be5+
34. Kh4 Qd8+ 35. Rg5 h6 36. Rg1 Bg3+ 37. Rxg3 Re4+ 38. Rg4 Qxg5+ 39. Kg3 Rxg4+
40. hxg4 e2 41. Kf2 Qd2 42. c4 e1=Q+ 43. Kf3 Qdf2# 0-1

[Event "Challenge"]
[Site "http://www.queenalice.com/game.php?id=550112"]
[Date "2009.3.4"]
[Round "-"]
[White "BrooklynBenjamin"]
[Black "yumi"]
[Result "0-1"]
[WhiteElo "1188"]
[BlackElo "1356"]

1. d4 d5 2. c4 Nc6 3. Nf3 e6 4. cxd5 Qxd5 5. Nc3 Bb4 6. Bd2 Bxc3 7. Bxc3 Nf6 8.
Qd3 O-O 9. e3 Nxd4 10. exd4 b6 11. g3 Bb7 12. Bg2 Ne4 13. O-O c5 14. Rae1 a5 15.
Ne5 Ba6 16. Qxe4 Bxf1 17. Rxf1 Qxe4 18. Bxe4 Ra7 19. Nd7 Rxd7 20. Rd1 Rfd8 21.
d5 exd5 22. Bf5 Rd6 23. Be5 Rc6 24. Bg4 c4 25. Bf3 b5 26. Bxd5 Rc5 27. Bxf7+
Kxf7 28. Rxd8 Rxe5 29. Rd7+ Re7 30. Rd5 a4 31. Rxb5 Re1+ 32. Kg2 Rb1 33. Rc5
Rxb2 34. Rxc4 Rxa2 35. Kf3 a3 36. Ra4 g5 37. h4 Kf6 38. Ke3 Ra1 39. hxg5+ Kxg5
40. f4+ Kg4 41. Ke4 Kxg3 42. f5 a2 43. f6 Re1+ 44. Kf5 a1=Q 45. Rxa1 Rxa1 46. f7
Ra8 47. Kf6 h5 48. f8=Q Rxf8+ 0-1

[Event "Challenge"]
[Site "http://www.queenalice.com/game.php?id=552073"]
[Date "2009.3.7"]
[Round "-"]
[White "TotalFlex"]
[Black "yumi"]
[Result "0-1"]
[WhiteElo "1242"]
[BlackElo "1448"]

1. e4 e5 2. Bc4 Nf6 3. h3 Nxe4 4. Qf3 Nd6 5. Bd5 g6 6. c4 c5 7. h4 Nc6 8. d4
Nxd4 9. Qe3 Nc2+ 10. Ke2 Nxe3 11. Kxe3 Bh6+ 12. Kd3 Bxc1 13. Kc2 Bf4 14. h5 Qf6
15. Nf3 Qf5+ 16. Kc3 e4 17. Nh4 Qe5+ 18. Kc2 Qd4 19. Nc3 Qxf2+ 20. Kb3 a5 21.
Raf1 a4+ 22. Nxa4 Qe3+ 23. Nc3 Be5 24. Rh3 Qd2 25. Rd1 Qf2 26. a4 Ra5 27. Bxe4
Bxc3 28. Kxc3 Nxe4+ 29. Kd3 d5 30. hxg6 Bxh3 31. gxh3 Qxh4 32. cxd5 Nf2+ 33. Ke2
Nxd1 34. Kxd1 Qxa4+ 35. Kc1 Qf4+ 36. Kc2 Qe3 37. b3 Ra2+ 38. Kb1 Rh2 39. gxf7+
Kxf7 40. d6 Qe1# 0-1

[Event "Challenge"]
[Site "http://www.queenalice.com/game.php?id=555969"]
[Date "2009.3.14"]
[Round "-"]
[White "yumi"]
[Black "dandahud"]
[Result "1-0"]
[WhiteElo "1459"]
[BlackElo "1302"]

1. e4 e5 2. Nf3 d6 3. d4 exd4 4. Nxd4 c5 5. Bb5+ Bd7 6. Bxd7+ Nxd7 7. Nf3 Ndf6
8. e5 Qe7 9. Bf4 Nh5 10. Be3 O-O-O 11. Nc3 Qe6 12. Qd3 Qg4 13. O-O-O Qxg2 14.
Qf5+ Kb8 15. Qxh5 Rd7 16. Qf5 Kc8 17. Nb5 g6 18. Nxa7+ Kc7 19. Nb5+ Kd8 20. Qg5+
Qxg5 21. Nxg5 Re7 22. Rxd6+ Kc8 23. Rhd1 Re8 24. Na7+ Kb8 25. Rd8+ Kxa7 26. Rxe8
Bg7 27. Bxc5+ b6 28. Bd6 Nh6 29. Re7+ Ka8 30. Nxf7 Bf8 31. Re8+ Kb7 32. Nxh8 Bg7
33. Re7+ Kc8 34. Rxg7 Nf5 35. Rxh7 b5 36. Rd5 b4 37. Ra5 Nxd6 38. Ra8# 1-0

[Event "Challenge"]
[Site "http://www.queenalice.com/game.php?id=560342"]
[Date "2009.3.23"]
[Round "-"]
[White "yumi"]
[Black "kathieD"]
[Result "1-0"]
[WhiteElo "1466"]
[BlackElo "1172"]

1. e4 Nf6 2. d3 e5 3. Nf3 c5 4. Nxe5 d6 5. Nc4 Bg4 6. Be2 h5 7. Bg5 Nc6 8. f3
Be6 9. Nba3 a6 10. f4 b5 11. e5 dxe5 12. Bf3 e4 13. Bxe4 bxc4 14. Bxc6+ Ke7 15.
Bxa8 Qxa8 16. Qe2 Kd6 17. Qe5+ Kd7 18. Nxc4 Qxg2 19. O-O-O Ng4 20. Nb6+ Kc6 21.
Qb8 f6 22. Qa8+ Kxb6 23. Qxg2 fxg5 24. Rhe1 Bxa2 25. b3 gxf4 26. Kb2 Bxb3 27.
cxb3 h4 28. Qxg4 Kb5 29. Ra1 Rh6 30. Qxf4 h3 31. Qb8+ Kc6 32. Qxf8 Rg6 33. Qe8+
Kd5 34. Qxg6 1-0

[Event "Challenge"]
[Site "http://www.queenalice.com/game.php?id=566088"]
[Date "2009.4.3"]
[Round "-"]
[White "naugard12"]
[Black "yumi"]
[Result "1-0"]
[WhiteElo "1508"]
[BlackElo "1486"]

1. e4 e5 2. d4 Nc6 3. d5 Nd4 4. c3 Nb5 5. Bxb5 a6 6. Ba4 Nf6 7. f3 b5 8. Bb3 Bc5
9. Bg5 b4 10. c4 Bd4 11. Qd2 c6 12. Ne2 c5 13. Nxd4 cxd4 14. O-O a5 15. Ba4 Qb6
16. Bxf6 Qxf6 17. Qd3 O-O 18. Nd2 Qg6 19. f4 d6 20. a3 f5 21. fxe5 fxe4 22.
Rxf8+ Kxf8 23. Rf1+ Kg8 24. Nxe4 Bf5 25. Qxd4 Bxe4 26. g3 dxe5 27. Qxe5 Bd3 28.
Rf4 Bxc4 29. Rxc4 Qb1+ 30. Kg2 Qa2 31. Rg4 g6 32. Kh3 Rf8 33. Bd7 Qb1 34. Be6+
Rf7 35. Rf4 Qf5+ 36. Rxf5 gxf5 37. Qxf5 h5 38. Qxf7+ 1-0

[Event "Challenge"]
[Site "http://www.queenalice.com/game.php?id=566343"]
[Date "2009.4.3"]
[Round "-"]
[White "Chiavega"]
[Black "yumi"]
[Result "0-1"]
[WhiteElo "1340"]
[BlackElo "1395"]

1. d4 f5 2. Nc3 Nf6 3. Bf4 d6 4. e3 Be6 5. Qf3 c6 6. h4 Nd5 7. Bg5 Nb4 8. Kd2
Qb6 9. Na4 Qa5 10. Nc3 Nxa2 11. Rxa2 Bxa2 12. Bd3 e6 13. Nh3 d5 14. Ra1 Bb4 15.
Qh5+ g6 16. Qh6 Bf8 17. Qxf8+ Rxf8 18. Bh6 Rf7 19. Ng5 Re7 20. Rxa2 Qc7 21. Na4
Nd7 22. b4 e5 23. c4 Nf6 24. Nc5 e4 25. Be2 Qh2 26. Nh3 Qxg2 27. Nf4 Qxf2 28.
Bg5 Rf7 29. Nce6 Ng4 30. Nc5 Qxe3+ 31. Ke1 Qc3+ 32. Kf1 Ne3+ 33. Kf2 Qxd4 34.
Nfe6 Ng4+ 35. Kg3 Qf2+ 36. Kh3 Qh2# 0-1

[Event "Challenge"]
[Site "http://www.queenalice.com/game.php?id=568780"]
[Date "2009.4.8"]
[Round "-"]
[White "yumi"]
[Black "BrooklynBenjamin"]
[Result "1-0"]
[WhiteElo "1444"]
[BlackElo "1165"]

1. e4 e5 2. Nf3 Nc6 3. Bc4 Nf6 4. Nc3 Bc5 5. Ng5 d6 6. Nxf7 Qe7 7. Nxh8 Bg4 8.
f3 Be6 9. Bxe6 Qxe6 10. Na4 O-O-O 11. c3 Rxh8 12. b4 Bb6 13. d3 Rd8 14. Nxb6+
axb6 15. O-O d5 16. b5 Ne7 17. Qb3 Nh5 18. c4 dxc4 19. dxc4 Rd4 20. Be3 Rxc4 21.
Rac1 Rxc1 22. Qxe6+ Kd8 23. Rxc1 Nc8 24. Qxe5 Nf6 25. Qxc7+ Ke8 26. Qxg7 Nd6 27.
Rc7 h5 28. Qe7# 1-0

[Event "Challenge"]
[Site "http://www.queenalice.com/game.php?id=636930"]
[Date "2009.8.15"]
[Round "-"]
[White "Leof"]
[Black "yumi"]
[Result "1-0"]
[WhiteElo "1569"]
[BlackElo "1437"]

1. e4 e5 2. d3 d6 3. f4 Nc6 4. fxe5 dxe5 5. Nf3 Nf6 6. c4 Bb4+ 7. Bd2 Bg4 8. h3
Be6 9. a3 Bc5 10. Nc3 a6 11. Na4 Bd4 12. Qb3 b5 13. Nc3 bxc4 14. dxc4 O-O 15.
Qb4 Nxb4 16. O-O-O Nc6 17. g4 Bxc3 18. Bxc3 1-0

[Event "Challenge"]
[Site "http://www.queenalice.com/game.php?id=643116"]
[Date "2009.8.27"]
[Round "-"]
[White "yumi"]
[Black "BrooklynBenjamin"]
[Result "1-0"]
[WhiteElo "1419"]
[BlackElo "1454"]

1. Nf3 d5 2. d4 Nf6 3. e3 c5 4. Bb5+ Bd7 5. Bd3 cxd4 6. exd4 Nc6 7. O-O g6 8.
Nc3 Bg7 9. Bg5 O-O 10. Bxf6 Bxf6 11. Nxd5 Bxd4 12. Nxd4 Nxd4 13. Bxg6 hxg6 14.
Qxd4 Qa5 15. Nxe7+ Kh7 16. Qxd7 Rad8 17. Qxb7 Rfe8 18. Nc6 Rd2 19. Nxa5 Red8 20.
Qxf7+ Kh6 21. Nc6 Rxc2 22. Nxd8 Rc8 23. Rad1 a5 24. Rd3 Rc2 25. Rg3 g5 26. Rh3#
1-0

[Event "AUTO-INT-1478"]
[Site "http://www.queenalice.com/game.php?id=666596"]
[Date "2009.10.13"]
[Round "1"]
[White "shimon"]
[Black "yumi"]
[Result "1-0"]
[WhiteElo "1531"]
[BlackElo "1465"]

1. e4 e5 2. Nf3 Nc6 3. d4 f6 4. d5 Nb4 5. c3 Na6 6. Be2 Bc5 7. b4 Bxf2+ 8. Kxf2
d6 9. Rf1 Nh6 10. b5 Nc5 11. Qc2 f5 12. Bxh6 gxh6 13. exf5 e4 14. Nd4 Qh4+ 15.
Kg1 Rg8 16. Nd2 Qh3 17. g3 e3 18. Ne4 Rf8 19. Nxc5 dxc5 20. Qe4+ Kd8 21. Ne6+
Bxe6 22. Qxe6 Re8 23. Qf6+ Kd7 24. d6 cxd6 25. Rad1 Rad8 26. Qxd6+ Kc8 27. Qxc5+
Kb8 28. b6 axb6 29. Rxd8+ Rxd8 30. Qxb6 Rd2 31. Qb5 Rxa2 32. Qe5+ 1-0

[Event "AUTO-INT-1478"]
[Site "http://www.queenalice.com/game.php?id=666597"]
[Date "2009.10.13"]
[Round "1"]
[White "yumi"]
[Black "shimon"]
[Result "1-0"]
[WhiteElo "1450"]
[BlackElo "1508"]

1. e3 e5 2. d4 Nc6 3. d5 Nce7 4. Bc4 d6 5. Nf3 Nf6 6. O-O Ne4 7. Nbd2 Nf6 8. e4
c6 9. dxc6 bxc6 10. Ng5 d5 11. exd5 cxd5 12. Bb5+ Bd7 13. c4 Bxb5 14. cxb5 h6
15. Ngf3 Qd6 16. Nc4 Qc5 17. Ncxe5 Qxb5 18. Nd4 Qb6 19. Qa4+ Kd8 20. Nxf7+ Kc8
21. Nxh8 g5 22. Be3 Bg7 23. Rac1+ Kb7 24. Nf7 Rc8 25. Nb5 Qa6 26. Nfd6+ 1-0

[Event "AUTO-INT-1478"]
[Site "http://www.queenalice.com/game.php?id=666612"]
[Date "2009.10.13"]
[Round "1"]
[White "castel1341"]
[Black "yumi"]
[Result "1-0"]
[WhiteElo "2118"]
[BlackElo "1465"]

1. d4 d5 2. Nf3 Nc6 3. Bf4 Bf5 4. e3 Nf6 5. Bb5 e6 6. O-O Bd6 7. Ne5 O-O 8. Bxc6
bxc6 9. Nxc6 Qd7 10. Bxd6 Qxd6 11. Ne5 c5 12. Nd2 Ne4 13. Nxe4 Bxe4 14. f3 Bf5
15. g4 Bg6 16. c3 c4 17. Rf2 f6 18. Nxg6 hxg6 19. Qc2 Kf7 20. b3 Rac8 21. b4 Rh8
22. a4 Rb8 23. Qb1 1-0

[Event "AUTO-INT-1478"]
[Site "http://www.queenalice.com/game.php?id=666613"]
[Date "2009.10.13"]
[Round "1"]
[White "yumi"]
[Black "castel1341"]
[Result "0-1"]
[WhiteElo "1465"]
[BlackElo "2117"]

1. d4 Nf6 2. Nc3 d5 3. Bf4 e6 4. Nb5 Na6 5. e3 Bb4+ 6. c3 Be7 7. Be5 O-O 8. Nf3
c6 9. Na3 Nb8 10. Bd3 Nbd7 11. O-O Bxa3 12. bxa3 Qa5 13. Bd6 Re8 14. Ne5 Nxe5
15. Bxe5 Nd7 16. Qh5 g6 17. Qh6 Nxe5 18. dxe5 Qxc3 19. Rad1 Qxe5 20. Rde1 Qf6
21. e4 Bd7 22. e5 Qg7 23. Qg5 c5 24. Be2 Rac8 0-1

[Event "AUTO-INT-1478"]
[Site "http://www.queenalice.com/game.php?id=666622"]
[Date "2009.10.13"]
[Round "1"]
[White "Chazam"]
[Black "yumi"]
[Result "0-1"]
[WhiteElo "1558"]
[BlackElo "1420"]

1. e4 d5 2. exd5 Nf6 3. Nc3 e5 4. dxe6 Bxe6 5. Nf3 Nc6 6. Bd3 Bc5 7. O-O Ng4 8.
h3 Nge5 9. Nxe5 Nxe5 10. Bb5+ c6 11. Ba4 Qf6 12. Ne4 Qg6 13. Nxc5 Bxh3 14. g3
O-O-O 15. Re1 Bg4 16. Re2 Nf3+ 17. Kg2 Qh5 18. Qh1 Nh4+ 19. gxh4 Bf3+ 20. Kg1
Bxh1 21. Kxh1 Qxe2 0-1

[Event "AUTO-INT-1478"]
[Site "http://www.queenalice.com/game.php?id=666623"]
[Date "2009.10.13"]
[Round "1"]
[White "yumi"]
[Black "Chazam"]
[Result "0-1"]
[WhiteElo "1474"]
[BlackElo "1704"]

1. d4 e6 2. e4 c6 3. d5 cxd5 4. exd5 exd5 5. Qxd5 Nf6 6. Qf3 Nc6 7. Bc4 Qe7+ 8.
Qe2 Qxe2+ 9. Nxe2 Bb4+ 10. c3 Ba5 11. Bg5 Ne4 12. Be3 O-O 13. Nd2 Nxd2 14. Bxd2
Re8 15. b4 Bc7 16. O-O Ne5 17. Bd5 Ng4 18. Bf4 d6 19. Rae1 Rb8 20. Nd4 Bd7 21.
Nb5 Bxb5 22. c4 Bc6 23. Bxc6 bxc6 24. c5 Ne5 25. Bxe5 dxe5 26. a3 a6 27. Re4 f5
28. Re2 e4 29. Rfe1 Re7 30. f3 Rbe8 31. fxe4 Rxe4 32. Rxe4 fxe4 33. Kf2 Bxh2 34.
g3 e3+ 35. Kg2 Bxg3 36. Kxg3 g5 37. Kf3 h5 38. Rxe3 Rf8+ 0-1